Culture Générale - Série 156 - Statistiques

Statistiques générales
  • Ce quiz a été pris 317 fois
  • Le résultat moyen est 5 sur 10
Statistiques - réponses
Question Réponse % Correct
A quel chanteur doit-on le tube "Envole-moi" en 1984 ? Jean Jacques Goldman
83%
Quelle ville est représentée en Ligue 1 de football par l'ASM ? Monaco
77%
Dans l'argot militaire, qu'est-ce que le "gnouf" ? Prison
64%
Comment sont "les mains" dans le titre d'une pièce de Jean-Paul Sartre ? Sales
63%
Quelle est la suite du proverbe débutant par : "Autres temps" ? Autres moeurs
57%
Quel était l'instrument de prédilection de Stan Getz ? Saxophone
47%
En Louisiane, quel nom est donné aux étendues d'eau stagnante ? Bayous
34%
Qui a animé "La Marche du siècle" de 1987 à 1994 ? Jean-Marie Cavada
17%
Qui fait un tube avec "Oui je l'adore" en 1989 ? Pauline Ester
17%
Qui était le chanteur des Communards, groupe phare des années 80 ? Jimmy Somerville
15%
Aucun quiz correspondant
Distribution des résultats
% des personnes avec chaque résultat
Percentile par nombre de réponses
Votre historique - résultats
Vous n’avez pas pris ce quiz